00349nam a22001457a 4500003000400000005001700004008004100021020001500062040000900077082002000086100002000106245003300126260003500159300000900194OSt20201130105722.0201130b ||||| |||| 00| 0 eng d a8184234880 coclc a894.8123bMOH/U aMohankumar, K V aUshnaashi /c K V Mohankumar aTHRISSUR:bGREEN BOOKS,c2018. a448p